000 00234nam a2200109Ia 4500
100 _aJOLHE DHANANJAY
942 _cBK
245 _aEngineering Drawing
260 _bTATA MCGRAWHILL PUBL.
_aNew Delhi
546 _aENGLISH
999 _c29512
_d29512